CII Communique : (Record no. 2610)

000 -LEADER
fixed length control field 00748nas a2200253 a 4500
006 - FIXED-LENGTH DATA ELEMENTS--ADDITIONAL MATERIAL CHARACTERISTICS--GENERAL INFORMATION
fixed length control field smr|p|r|||| 00| 01
007 - PHYSICAL DESCRIPTION FIXED FIELD--GENERAL INFORMATION
fixed length control field ta
008 - FIXED-LENGTH DATA ELEMENTS--GENERAL INFORMATION
fixed length control field 200630c19799999ii mr|p| |||| 00| a1eng d
040 ## - CATALOGING SOURCE
Original cataloging agency IMU Kochi Library
Language of cataloging eng
041 0# - LANGUAGE CODE
Language code of text/sound track or separate title eng
044 ## - COUNTRY OF PUBLISHING/PRODUCING ENTITY CODE
MARC country code India
082 04 - DEWEY DECIMAL CLASSIFICATION NUMBER
Edition number 23
Classification number 338.005
Item number C489
245 10 - TITLE STATEMENT
Title CII Communique :
Sub Title Journal of the Confederation of Indian Industry
260 ## - PUBLICATION, DISTRIBUTION, ETC. (IMPRINT)
Place of publication, distribution, etc New Delhi :
Name of publisher, distributor, etc Confederation of Indian Industry,
Date of publication, distribution, etc 1979--
300 ## - PHYSICAL DESCRIPTION
Extent -v :
Other physical details col. ill. ;
Dimensions 27 cm.
310 ## - CURRENT PUBLICATION FREQUENCY
Current publication frequency Monthly
Date of current publication frequency (Jan 1979)-
362 ## - DATES OF PUBLICATION AND/OR SEQUENTIAL DESIGNATION
Dates of publication and/or sequential designation Vol. 1, no. 1 (Jan 1979)-
650 #0 - SUBJECT ADDED ENTRY--TOPICAL TERM
Topical term or geographic name as entry element Economic development
Form subdivision Periodical
Geographic subdivision India
650 #0 - SUBJECT ADDED ENTRY--TOPICAL TERM
Topical term or geographic name as entry element Industrial management
Form subdivision Periodical
Geographic subdivision India
710 ## - ADDED ENTRY--CORPORATE NAME
Corporate name or jurisdiction name as entry element Confederation of Indian Industry
852 ## - LOCATION/CALL NUMBER
Location IMU Kochi Library
904 ## - LOCAL DATA ELEMENT D, LDD (RLIN)
CATALOGER Reshma Rajesh
942 ## - ADDED ENTRY ELEMENTS (KOHA)
Item type Periodicals
Holdings
Withdrawn status Lost status Source of classification or shelving scheme Damaged status Not for loan Collection code Permanent location Current location Shelving location Date acquired Source of acquisition Serial Enumeration / chronology Full call number Barcode Date last seen Koha item type Public note
          Management Studies IMU Kochi Library IMU Kochi Library Reference 2016-04-08 Bound volume Vol. 34 No. 12, Dec 2012 -- Vol. 35 No. 12, Dec 2013 338.005 C489 BV0136 2020-06-30 Bound Volumes BV Shelf
          Management Studies IMU Kochi Library IMU Kochi Library Reference 2016-04-08 Bound volume Vol. 36 No. 01, Jan 2014 -- Vol. 36 No. 12, Dec 2014 338.005 C489 BV0137 2020-06-30 Bound Volumes BV Shelf
          Management Studies IMU Kochi Library IMU Kochi Library Reference 2016-04-08 Bound volume Vol. 37 No. 01, Jan 2015 -- Vol. 37 No. 12, Dec 2015 338.005 C489 BV0138 2020-06-30 Bound Volumes BV Shelf


Copyright © All Rights Reserved by Indian Maritime University, Kochi Campus.
For any Suggestions/Query Contact to library or Email: library.kochi@imu.ac.in Ph:(0484)-2989402
(Web OPAC Designed by Rudra Ranjan. Maintained by IMU Kochi Library)

Powered by Koha